Biggest Cities and Towns in Wales on a Map - Statistics

General Stats
  • This quiz has been taken 714 times
    702 since last reset
  • The average score is 9 of 20
Answers on the Map
Answers color-coded by a green-red scale on the quiz's map according to % correct below.
 
Answer Stats
Pop City % Correct
351 K Cardiff
99%
185 K Swansea
95%
134 K Newport
80%
61.4 K Wrexham
72%
57.4 K Barry
47%
51.0 K Neath
44%
38.1 K Port Talbot
44%
48.5 K Bridgend
43%
45.0 K Merthyr Tydfil
43%
26.1 K Rhyl
43%
44.9 K Llanelli
42%
42.0 K Caerphilly
36%
30.8 K Pontypridd
30%
28.2 K Colwyn Bay
27%
47.6 K Cwmbran
26%
28.9 K Pontypool
24%
31.2 K Aberdare
21%
29.5 K Penarth
21%
24.1 K Blackwood
15%
20.2 K Buckley
11%
No matching quizzes found
Score Distribution
Percent of People with Each Score
Percentile by Number Answered
Your Score History
You have not taken this quiz since the last reset